| Tag |
First Indicator |
Second Indicator |
Subfields |
| LEADER |
00000cam a2200000 a 4500 |
| 001 |
in00000914321 |
| 005 |
20150924173946.0 |
| 008 |
891213s1990 nyuaf b 001 0 eng |
| 010 |
|
|
|a 89013802
|
| 019 |
|
|
|a 23656982
|
| 020 |
|
|
|a 0688094945 :
|c 22.95
|
| 035 |
|
|
|a (OCoLC)20824094
|
| 035 |
|
|
|9 AEQ1536AM
|
| 040 |
|
|
|a DLC
|c DLC
|d VXL
|d NLM
|d TXA
|d UtOrBLW
|
| 043 |
|
|
|a n-us---
|
| 049 |
|
|
|a TXAM
|
| 050 |
0 |
0 |
|a RA644.P9
|b S553 1990
|
| 060 |
0 |
0 |
|a WC 556
|b S651p 1990
|
| 069 |
0 |
|
|a 9104235
|
| 082 |
0 |
0 |
|a 616.8/35/009
|2 20
|
| 100 |
1 |
|
|a Smith, Jane S.
|
| 245 |
1 |
0 |
|a Patenting the sun :
|b polio and the Salk vaccine /
|c Jane S. Smith.
|
| 246 |
3 |
0 |
|a Polio and the Salk vaccine
|
| 250 |
|
|
|a 1st ed.
|
| 264 |
|
1 |
|a New York :
|b W. Morrow,
|c [1990]
|
| 264 |
|
4 |
|c ©1990
|
| 300 |
|
|
|a 413 pages, 16 unnumbered pages of plates :
|b illustrations ;
|c 24 cm.
|
| 336 |
|
|
|a text
|b txt
|2 rdacontent
|
| 337 |
|
|
|a unmediated
|b n
|2 rdamedia
|
| 338 |
|
|
|a volume
|b nc
|2 rdacarrier
|
| 504 |
|
|
|a Includes bibliographical references (pages 396-403) and index.
|
| 536 |
|
|
|a Dr. Paul P. Van Riper Collection, Department of Political Science.
|
| 536 |
|
|
|a Dr. Paul P. Van Riper Collection Department of Political Science.
|
| 650 |
|
0 |
|a Poliomyelitis
|z United States
|x History.
|
| 650 |
|
0 |
|a Poliomyelitis
|x Vaccination
|x History.
|
| 650 |
|
0 |
|a Poliomyelitis vaccine
|x History.
|
| 650 |
|
2 |
|a Poliomyelitis
|x history
|z United States.
|
| 999 |
|
|
|a MARS
|
| 999 |
f |
f |
|s 98e5fc4f-3932-37fb-9151-46908435f067
|i ebb9a332-03e4-327d-be6f-174049150a8b
|t 0
|
| 952 |
f |
f |
|p ric
|a Texas A&M University
|b Rellis Campus
|c Joint Library Facility
|s JLF
|d Remote Storage
|t 0
|e RA644.P9 S553 1990
|h Library of Congress classification
|i unmediated -- volume
|m A14841527856
|
| 998 |
f |
f |
|a RA644.P9 S553 1990
|t 0
|l Remote Storage
|